Vybrané kapitoly z firemného plánovania

Gespeichert in:
Bibliographische Detailangaben
1. Verfasser: Mihalčová, Bohuslava, 1963-
Körperschaft: Ekonomická univerzita v Bratislave. Podnikovohospodárska fakulta so sídlom v Košiciach
Weitere Verfasser: Bobáková, Viktória, Stričík, Michal, 1969-, Čepelová, Anna
Format: Buch
Sprache:Slowakisch
Veröffentlicht: Bratislava Vydavateľstvo EKONÓM 2004
Schlagworte:
Tags: Tag hinzufügen
Keine Tags, Fügen Sie das erste Tag hinzu!

MARC

LEADER 00000nam$a2200000$$$4500
001 0007010
005 20240502071351.4
020 |a 80-225-1782-8 
041 0 |a slo 
044 |a SK 
245 1 0 |a Vybrané kapitoly z firemného plánovania  |c Bohuslava Mihalčová a kolektív 
264 1 |a Bratislava  |b Vydavateľstvo EKONÓM  |c 2004 
300 |a 264 s. [16,513 AH] 
610 2 0 |a plánovanie podnikové 
610 2 0 |a firmy 
610 2 0 |a plánovanie 
610 2 0 |a pojmy 
610 2 0 |a plánovanie strategické 
610 2 0 |a politika personálna 
610 2 0 |a plánovanie finančné 
610 2 0 |a plán podnikateľský 
610 2 0 |a plánovanie výroby 
610 2 0 |a marketing 
610 2 0 |a plánovanie personálne 
610 2 0 |a investície 
100 1 |a Mihalčová, Bohuslava, 1963- 
700 1 |a Bobáková, Viktória 
700 1 |a Stričík, Michal, 1969- 
700 1 |a Čepelová, Anna 
710 2 |a Ekonomická univerzita v Bratislave. Podnikovohospodárska fakulta so sídlom v Košiciach